00463nam a2200181 a 45000010005000000030009000050080041000140200015000550400028000700820015000981000030001132450031001432600032001743000011002066500035002179420012002529990017002649434CO-ViMGA141112s2004 ck r 000 u spa d a8434487551 aCO-ViMGAbspacCO-ViMGA aR103 F377d1 aFerrater Mora, Jose9407810aDiccionario de Filosofía aBarcelona (E), cAriel 2001 a4 Vol.14aFILOSOFIA - DICCIONARIOS94079 2ddccBK c11395d11395